War Movies by Actor/Conflict - Statistics

General Stats
  • This quiz has been taken 63 times
  • The average score is 8 of 16
Answer Stats
War Actor Movie Title % Correct
WWII Hanks, Burns Saving Private Ryan
91%
1st War of Scottish Independence Gibson, Marceau Braveheart
85%
Vietnam War Sheen, Brando Apocalypse Now
83%
Somali Civil War Hartnett, Bana Black Hawk Down
68%
WWI O'Toole, Sharif Lawrence of Arabia
64%
Trojan War Pitt, Bana Troy
64%
American Revolution Gibson, Cooper Patriot
60%
Iraq War Renner, Mackie Hurt Locker
53%
Gulf War Gyllenhaal, Sarsgaard Jarhead
51%
American Civil War Broderick, Washington Glory
40%
French and Indian War Day-Lewis, Stowe Last of the Mohicans
40%
Russian Civil War Sharif, Christie Doctor Zhivago
38%
Napoleonic Wars Crowe, Bettany Master and Commander
32%
Afghanistan War Wahlberg, Kitsch Lone Survivor
30%
Korean War Sutherland, Gould MASH
30%
3rd Servile War Douglas, Olivier Spartacus
19%
No matching quizzes found
Score Distribution
Percent of People with Each Score
Percentile by Number Answered
Your Score History
You have not taken this quiz